| 000 | 00665nam a2200193 u 4500 | ||
|---|---|---|---|
| 005 | 20241031063733.0 | ||
| 008 | 110331s2008 r 000 0 eng d | ||
| 020 | _a9789508923103 | ||
| 035 | _aUPN01000180041 | ||
| 049 | _aCG | ||
| 050 | 4 |
_aLB3013.3 _bV5.8 |
|
| 245 | 0 | 3 |
_aLa violencia cotidiana en el ámbito escolar : _balgunas propuestas posibles de prevención e intervención / _ccoord. María Inés Bringiotti ; Susana Abad ... [et al.]. |
| 260 |
_aBuenos Aires : _bLugar Editorial, _cc2008. |
||
| 300 | _a150 p. | ||
| 650 | 4 |
_aViolencia escolar _96675 |
|
| 700 | 1 |
_aBringiotti, María Inés, _ecoord. |
|
| 700 | 1 |
_aAbad, Susana, _ecoaut. |
|
| 905 | _aLibro | ||
| 999 |
_c152144 _d152144 |
||